Statistics for Lizards By Picture

Click here to take the quiz!

General Stats

  • This quiz has been taken 145 times
    (129 since last reset)
  • The average score is 6 of 9

Answer Stats

Answer% Correct
Jackson's Chameleon
89%
Komodo Dragon
82%
Iguana
80%
Tokay Gecko
75%
Gila Monster
71%
Blue Tonged Skink
70%
Madagascar Day Gecko
67%
Basilisk Lizard
41%
Monitor Lizard
29%

Score Distribution

Percentile by Number Answered

Percent of People with Each Score

Your Score History

You have not taken this quiz since the last reset